000 00450nam a2200157 i 4500
001 24642
003 ES-MaACL
005 20230906153104.0
007 t|
008 021218s1920 ag ||||1| spa d
100 1 _aAntonelli, Mauricio.
_921966
245 1 0 _aDe la penumbra íntima
_b: (poesías) /
_cMauricio Antonelli.
260 _aBuenos Aires :
_b[s.n.,
_c1920] (
_fImprenta Mercatali)
300 _a1 v. ;
_c19 cm.
852 _aES-MaACL
_jF-10101
999 _c24642
_d24642